003140000a22001450004500020001500000060000800015082001900023100002000042245002500062250000600087260003300093260000900126300000800135650002500143 a007020201X a100 a658.311 24 FEA aFear, Richard A aEvaluation interview a2 aU S A, Mc Graw-Hill Book Co c1978 a334 aEmployment interview